Normal view
MARC view
- SENGUPTA,DEBASIS
Entry Personal Name
001 - CONTROL NUMBER
- control field: 91552
003 - CONTROL NUMBER IDENTIFIER
- control field: NUST
005 - DATE AND TIME OF LATEST TRANSACTION
- control field: 20220513155816.0
008 - FIXED-LENGTH DATA ELEMENTS
- fixed length control field: 220513|| aca||aabn | a|a d
040 ## - CATALOGING SOURCE
- Original cataloging agency: NUST
- Transcribing agency: NUST
100 ## - HEADING--PERSONAL NAME
- Personal name: SENGUPTA,DEBASIS
670 ## - SOURCE DATA FOUND
- Source citation: Work cat.: (NUST): SENGUPTA,DEBASIS., LINEAR MODEL AND REGRESSION WITH R /, 2020.
